THE EFFECT OF DIFFRENT FERTILIZER ON CHINES CABBAGE ON SAND SOIL).ឥទ្ធិពលជីប្រភេទផ្សេងៗក្នា លើដំណាំស្ពៃក្រញាញ់ក្នុងលក្ខខណ្ឌដីល្បាញខ្សាច់). (Record no. 926)

000 -LEADER
fixed length control field 00638nam a22001577a 4500
003 - CONTROL NUMBER IDENTIFIER
control field OSt
005 - DATE AND TIME OF LATEST TRANSACTION
control field 20150920161425.0
008 - FIXED-LENGTH DATA ELEMENTS--GENERAL INFORMATION
fixed length control field 150920b xxu||||| |||| 00| 0 eng d
040 ## - CATALOGING SOURCE
Transcribing agency RUA
082 ## - DEWEY DECIMAL CLASSIFICATION NUMBER
Classification number AGR KHU 2006 BO33 Or.1
100 ## - MAIN ENTRY--PERSONAL NAME
9 (RLIN) 961
Personal name KHUN, VICHET
245 ## - TITLE STATEMENT
Title THE EFFECT OF DIFFRENT FERTILIZER ON CHINES CABBAGE ON SAND SOIL).ឥទ្ធិពលជីប្រភេទផ្សេងៗក្នា លើដំណាំស្ពៃក្រញាញ់ក្នុងលក្ខខណ្ឌដីល្បាញខ្សាច់).
260 ## - PUBLICATION, DISTRIBUTION, ETC. (IMPRINT)
Place of publication, distribution, etc. PHNOM PHEN
Name of publisher, distributor, etc. RUA
Date of publication, distribution, etc. 2006
300 ## - PHYSICAL DESCRIPTION
Extent XIII,42P.
Other physical details ILL.
Dimensions 29CM.
942 ## - ADDED ENTRY ELEMENTS (KOHA)
Source of classification or shelving scheme
Koha item type AGR
Holdings
Price effective from Date last seen Permanent Location Not for loan Date acquired Date last checked out Source of classification or shelving scheme Koha item type Total Checkouts Barcode Lost status Damaged status Withdrawn status Current Location Full call number
2015-09-202023-07-19Library Block B 2015-09-202023-07-10 AGR16RUA002780   Library Block BAGR KHU 2006 BO33 Or.1
មជ្ឈមណ្ឌលឯការនៃសាកលវិទ្យាល័យភូមិន្ទកសិកម្មចំការដូង

Powered by Koha